UBT Library

Interpretation of Airphotos and Remotely Sensed Imagery (Record no. 54351)

000 -LEADER
fixed length control field 00329nam a22001337a 4500
008 - FIXED-LENGTH DATA ELEMENTS--GENERAL INFORMATION
fixed length control field 190227b xxu||||| |||| 00| 0 eng d
020 ## - INTERNATIONAL STANDARD BOOK NUMBER
International Standard Book Number 9781577663539
041 ## - LANGUAGE CODE
Language code of text/sound track or separate title eng
080 ## - UNIVERSAL DECIMAL CLASSIFICATION NUMBER
Universal Decimal Classification number 616.073
100 ## - Rafti
Rafti 6
101 ## - Shkurtesa
Shkurtesa RAD
245 ## - TITLE STATEMENT
Title Interpretation of Airphotos and Remotely Sensed Imagery
Statement of responsibility, etc Arnold, R.H
942 ## - ADDED ENTRY ELEMENTS (KOHA)
Source of classification or shelving scheme
Item type Books
Holdings
Withdrawn status Lost status Source of classification or shelving scheme Damaged status Not for loan Collection code Permanent location Current location Shelving location Date acquired Total Checkouts Full call number Barcode Date last seen Price effective from Koha item type
          Koleksioni i përgjithshem UBT - Lipjan UBT - Lipjan Koleksioni i përgjithshem 02/27/2019   616.073 ARN 002-3022237 02/27/2019 02/27/2019 Books
UBT Library © 2015-2024. All rights reserved University Education for Business and Technology